000 00659nam a22002417a 4500
003 UA-OsUOA
001 69968
007 ta
008 20100712b un ||||| |||| 00| 0 ukr d
100 _aМудрий Я.
090 _a339.5(038)
_bМ13
942 _cBK
040 _aUA-OsUOA
_bukr
_cUA-OsUOA
_dUA-OsUOA
245 _aСловник-довідник термінів з Європейської інтеграції
300 _a588 с.
955 _a2
041 _aukr
080 _a339.5(038)
020 _a978-966-8063-48-2
260 _aК.
_bМіленіум
_c2009
650 7 _a0 Загальний відділ.
_2UDC
999 _c356237
_d356237